000 00208nam a22000857a 4500
008 170626b xxu||||| |||| 00| 0 eng d
100 _93695
_aFreeman. M
245 _aPortrait Photography
260 _aNew Delhi
_c2004
999 _c7117
_d7117